Statistics for Doctor Who #1

Click here to take the quiz!

General Stats

  • This quiz has been taken 3,241 times
    (3,236 since last reset)
  • The average score is 9 of 11

Answer Stats

Hint Answer % Correct
This travels through time and spaceTARDIS
98%
What the Doctor isTime Lord
97%
Universal tool used by the doctor; Doesn't do wood or fleshSonic screwdriver
93%
Infamous antagonists of the Doctor; Enjoy the phrase "Exterminate!"Daleks
92%
Companion of the doctor in serials 1-2Rose
84%
Omnisexual time traveller and former con manCapt. Jack Harkness
82%
3rd serial companionMartha Jones
78%
Secret organization formed to protect from alien attacksTorchwood
76%
4th serial companionDonna Noble
76%
"Improved" and engineered human race; Dalek foeCybermen
70%
He uses this as an ID, invitation, special pass, etc.Psychic paper
67%

Score Distribution

Percentile by Number Answered

Percent of People with Each Score

Your Score History

You have not taken this quiz since the last reset